Revisiting Fred W. Riggs’ model in the context of ‘prismatic’ societies today (Record no. 520620)

000 -LEADER
fixed length control field 01758nam a22001577a 4500
008 - FIXED-LENGTH DATA ELEMENTS--GENERAL INFORMATION
fixed length control field 220927b ||||| |||| 00| 0 eng d
100 ## - MAIN ENTRY--PERSONAL NAME
Personal name Basu, Rumki
245 ## - TITLE STATEMENT
Title Revisiting Fred W. Riggs’ model in the context of ‘prismatic’ societies today
260 ## - PUBLICATION, DISTRIBUTION, ETC. (IMPRINT)
Place of publication, distribution, etc Indian Journal of Public Administration
300 ## - PHYSICAL DESCRIPTION
Extent 67(1), Mar, 2021: p.71-86-95
520 ## - SUMMARY, ETC.
Summary, etc F. W. Riggs initiated seminal areas of enquiry and research right from the beginning of his journey as an author and a theorist in public administration. His lifetime publications testify to a search for an ‘authentic’ model for analysing the administrative structures and behaviour of developing countries since the 1960s. Riggs pursued what is known as the ‘ecological’ study of public administration which presumes that public administration, functioning in different environments, influences and is influenced by the environment in which it functions. Scholars of comparative public administration have long been familiar with the ‘fused– prismatic–diffracted model’, which was later reformulated by Riggs to exert enormous influence on the understanding of public administration and organisational behaviour in different parts of the world. In the wake of the tremendous transformation with diverse developmental strategies in the Third World and South Asia in particular, in the last fifty years, it becomes important to re-examine Riggs’ models both in the Indian and other developing country contexts today. – Reproduced
650 ## - SUBJECT ADDED ENTRY--TOPICAL TERM
Topical term or geographic name as entry element Prismatic societies, Social transformation, Seminal research, Ecological model, Development strategies.
9 (RLIN) 33442
773 ## - HOST ITEM ENTRY
Main entry heading Indian Journal of Public Administration
906 ## - LOCAL DATA ELEMENT F, LDF (RLIN)
Subject DIP SOCIAL TRANSFORMATION
942 ## - ADDED ENTRY ELEMENTS (KOHA)
Item type Articles
Holdings
Withdrawn status Lost status Source of classification or shelving scheme Damaged status Not for loan Permanent location Current location Date acquired Serial Enumeration / chronology Barcode Date last seen Koha item type
          Indian Institute of Public Administration Indian Institute of Public Administration 2022-09-27 67(1), Mar, 2021: p.71-86-95 AR127203 2022-09-27 Articles

Powered by Koha